| 000 | 00507nam a2200133Ia 4500 | ||
|---|---|---|---|
| 008 | 220216s9999 xx 000 0 und d | ||
| 100 | _aSamui Barun K | ||
| 245 | 0 | _aTextile reinforcements used in passenger radial tyres-A review | |
| 260 | _bProceedings of the National Conference and Exposition on Rubber and Allied Materials. India Rub Tech Expo 2004. 13-14 February, 2004, Mysore.pp.265-280. | ||
| 650 | _aRadial tyres | ||
| 650 | _aTextile reinforcement | ||
| 700 | _aSubramaniam Ramani | ||
| 942 | _cJS | ||
| 999 |
_c70418 _d70418 |
||